Top 35 Países por maior PIB - Statistics

Estatísticas Gerais
  • Esse quiz foi jogado 426 vezes
    425 desde o último reset
  • A pontuação média é 28 de 35
Estatísticas das Respostas
Posição País PIB-PPP ($) Continente % Correto
17 Taiwan 55.078 Ásia
98%
11 Estados Unidos 65.112 América do Norte
97%
12 Hong Kong (China) 64.928 Ásia
97%
2 Macau (China) 114.363 Ásia
97%
31 Japão 45.546 Ásia
94%
22 Austrália 50.725 Oceania
93%
20 Alemanha 53.561 Europa
92%
25 Canadá 48.247 América do Norte
92%
29 França 47.223 Europa
90%
18 Suécia 54.629 Europa
90%
10 Suiça 66.200 Europa
90%
30 Reino Unido 46.828 Europa
89%
7 Noruega 76.684 Europa
87%
32 Coréia do Sul 44.704 Ásia
86%
35 Nova Zelândia 40.943 Oceania
86%
33 Espanha 41.591 Europa
85%
26 Finlândia 47.975 Europa
84%
19 Dinamarca 53.882 Europa
82%
23 Bélgica 49.529 Europa
80%
3 Luxemburgo 108.951 Europa
80%
14 Países Baixos 58.341 Europa
79%
5 Irlanda 83.400 Europa
78%
16 Arábia Saudita 55.704 Ásia
77%
8 Emirados Árabes Unidos 69.435 Ásia
76%
4 Singapura 103.181 Ásia
76%
1 Catar 132.886 Ásia
75%
15 Islândia 56.066 Europa
74%
21 Áustria 50.931 Europa
72%
27 Malta 47.402 Europa
60%
13 San Marino 61.575 Europa
60%
9 Kuwait 66.387 Ásia
54%
34 Chipre 41.407 Europa/Ásia
53%
23 Bahrain 49.529 Ásia
52%
6 Brunei 80.384 Ásia
50%
28 Omã 47.366 Ásia
50%
Nenhum quiz correspondente encontrado
Distribuição das Pontuações
Porcentagem de Pessoas com Cada Pontuação
Percentil de Números Respondidos
Sua Pontuação Histórica
Você não jogou esse quiz desde o último reset